Una Fortuna Pericolosa,La Scuola Della Paura,L'isola Delle Focher,Nel Cuore Dell'inganno

Збережено в:
Бібліографічні деталі
Автор: Ken Follett
Формат: Книга
Мова:Невідома мова
Теги: Додати тег
Немає тегів, Будьте першим, хто поставить тег для цього запису!

MARC

LEADER 00000nam a2200000Ia 4500
001 R-780
003 CODICE-MESSINA
005 20260212102457.0
008 260211s9999 xx 000 0 und d
040 |c importazione_messina 
100 |a Ken Follett 
245 0 |a Una Fortuna Pericolosa,La Scuola Della Paura,L'isola Delle Focher,Nel Cuore Dell'inganno 
942 |2 ddc  |c BK 
952 |0 0  |1 0  |2 ddc  |4 0  |6 SCAFFALE_7_000000000000000__ROMANZI  |7 0  |9 31607  |a ME  |b ME  |d 2026-02-11  |l 0  |o SCAFFALE 7 - ROMANZI  |p R-780  |r 2026-02-11 23:52:39  |w 2026-02-11  |x [REVISIONARE]  |y BK 
999 |c 27272  |d 27272